[Event "Druzynowe Mistrzostwa Polski - II Liga Seniorow"]
[Site "Ustron/Slaski Zwiazek Szachowy"]
[Date "2008.09.12"]
[Round "7.1"]
[White "Hera, Imre"]
[Black "Mista, Aleksander"]
[Result "1/2-1/2"]
[WhiteTitle "GM"]
[BlackTitle "GM"]
[WhiteElo "2518"]
[BlackElo "2539"]

1. e4 c6 2. d4 d5 3. Nd2 dxe4 4. Nxe4 Bf5 5. Ng3 Bg6 6. h4 h6 7. Nf3 Nd7 8. h5
Bh7 9. Bd3 Bxd3 10. Qxd3 e6 11. Bd2 Ngf6 12. O-O-O Qc7 13. Qe2 1/2-1/2

[Event "Druzynowe Mistrzostwa Polski - II Liga Seniorow"]
[Site "Ustron/Slaski Zwiazek Szachowy"]
[Date "2008.09.12"]
[Round "7.8"]
[White "Dawidow, Jacek"]
[Black "Chojnacki, Slawomir"]
[Result "1/2-1/2"]
[WhiteTitle "m"]
[BlackTitle "k"]
[WhiteElo "2306"]
[BlackElo "2263"]

1. e4 c6 2. d4 d5 3. Nc3 dxe4 4. Nxe4 Bf5 5. Ng3 Bg6 6. h4 h6 7. h5 Bh7 8. Nf3
Nd7 9. Bd3 Bxd3 10. Qxd3 Qc7 11. Bd2 Ngf6 12. O-O-O Qc8 1/2-1/2

[Event "Druzynowe Mistrzostwa Polski - II Liga Seniorow"]
[Site "Ustron/Slaski Zwiazek Szachowy"]
[Date "2008.09.12"]
[Round "7.9"]
[White "Zgadzaj, Rafal"]
[Black "Kulesza, Mateusz"]
[Result "1-0"]
[WhiteTitle "k"]
[BlackTitle "k+"]
[WhiteElo "2245"]
[BlackElo "2280"]

1. c4 e5 2. Nc3 Nc6 3. g3 g6 4. Bg2 Bg7 5. Rb1 f5 6. d3 d6 7. b4 Nf6 8. b5 Nd4
9. Nd5 O-O 10. e3 Ne6 11. Ne2 h5 12. h4 Ng4 13. O-O g5 14. hxg5 Nxg5 15. f3 Nh6
16. e4 fxe4 17. dxe4 h4 18. Nxc7 Nh3+ 19. Bxh3 Bxh3 20. Nxa8 hxg3 21. Nxg3 Qh4
22. Qe1 Rf6 23. Rb2 Rg6 24. Rg2 Qd8 25. Rh2 Bxf1 26. Kxf1 Qxa8 27. Bxh6 Bxh6
28. Nf5 Bg5 29. Qg3 Kf7 30. Nxd6+ Ke6 31. c5 Qg8 32. Qh3+ Ke7 33. Qh7+ 1-0

[Event "Druzynowe Mistrzostwa Polski - II Liga Seniorow"]
[Site "Ustron/Slaski Zwiazek Szachowy"]
[Date "2008.09.12"]
[Round "7.10"]
[White "Wojciechowski, Piotr"]
[Black "Najbar, Marcin"]
[Result "0-1"]
[WhiteTitle "k"]
[BlackTitle "k+"]
[WhiteElo "2247"]
[BlackElo "2230"]

1. e4 c5 2. Nf3 e6 3. d4 cxd4 4. Nxd4 Qb6 5. Nb3 Qc7 6. Bd3 Nf6 7. O-O d6 8. f4
Nbd7 9. Nc3 a6 10. Kh1 b5 11. a4 b4 12. Na2 Bb7 13. Qe2 d5 14. e5 Ne4 15. c3
bxc3 16. Nxc3 Nxc3 17. bxc3 Be7 18. Be3 g6 19. Rfc1 Nc5 20. Nxc5 Bxc5 21. Bd4
O-O 22. Rab1 Rfb8 23. Qf2 Ba3 24. Re1 Bc8 25. Bb6 Qxc3 26. Bf1 Bd7 27. Re3 Bc5
28. Rxc3 Bxf2 29. a5 Bxb6 30. Rxb6 Bb5 31. Rxb8+ Rxb8 32. Kg1 Bxf1 33. Kxf1 Rb5
34. Ra3 Rb4 35. g3 Rb2 36. h3 Kg7 37. Rc3 Rb5 38. Ra3 h6 39. Kg2 g5 40. fxg5
hxg5 41. h4 d4 42. hxg5 Rxe5 43. Kf3 Rxg5 44. Ke4 Rd5 0-1

[Event "Druzynowe Mistrzostwa Polski - II Liga Seniorow"]
[Site "Ustron/Slaski Zwiazek Szachowy"]
[Date "2008.09.12"]
[Round "7.11"]
[White "Krzywda, Andrzej"]
[Black "Gola, Karol"]
[Result "1/2-1/2"]
[WhiteTitle "I++"]
[BlackTitle "I++"]
[WhiteElo "2163"]
[BlackElo "2174"]

1. d4 d5 2. c4 dxc4 3. Nf3 Nf6 4. e3 e6 5. Bxc4 a6 6. a4 c5 7. O-O Nc6 8. Qe2
cxd4 9. Rd1 Be7 10. exd4 O-O 11. Nc3 Nd5 12. Qe4 Nf6 13. Qe2 Nb4 14. Ne5 Nbd5
15. Rd3 Nb4 16. Rg3 Qxd4 17. Bh6 Ne8 18. Rd1 Qc5 19. Ng4 Kh8 20. Ne4 Qh5 21.
Rh3 Qf5 22. Bd2 e5 23. Bxb4 Bxb4 24. Ne3 Qg6 25. Rh5 f5 26. Rg5 Qc6 27. Nd5
fxe4 28. Nxb4 Qf6 29. Rg3 Bf5 30. Nd5 Qc6 31. Ne7 Qxa4 32. b3 Qb4 33. Nxf5 Rxf5
34. Qxe4 Rf7 35. Qd5 Rf8 36. Qxe5 Nf6 37. Qc7 g6 38. Rf3 Rae8 39. h3 Re1+ 40.
Rxe1 Qxe1+ 41. Kh2 b5 42. Qc5 Qe8 43. Bd3 Kg8 44. b4 Qe6 45. Bc2 Kg7 46. Bb3
Qd7 47. Qe5 Qe8 48. Qd4 Qd7 49. Qe5 Qe8 50. Qd4 Qd7 51. Qe5 1/2-1/2

[Event "Druzynowe Mistrzostwa Polski - II Liga Seniorow"]
[Site "Ustron/Slaski Zwiazek Szachowy"]
[Date "2008.09.12"]
[Round "7.12"]
[White "Szydlowska, Marta"]
[Black "Kupczyk, Edyta"]
[Result "1/2-1/2"]
[WhiteTitle "k"]
[BlackTitle "m"]
[WhiteElo "2032"]
[BlackElo "2110"]

1. d4 f5 2. Nf3 Nf6 3. Bf4 e6 4. e3 b6 5. Be2 Bb7 6. O-O Be7 7. c4 O-O 8. h3 d6
9. Nc3 Ne4 10. Nxe4 Bxe4 11. Nd2 Bb7 12. Bf3 Bxf3 13. Qxf3 Nd7 14. Bh2 Kh8 15.
Rfd1 Bf6 16. Nb3 e5 17. dxe5 Bxe5 18. Bxe5 Nxe5 19. Qd5 Qf6 20. Nd4 Rae8 21.
Ne2 Ng6 22. Qd4 Qg5 23. f4 Qh4 24. Rf1 Re4 25. Qd3 Qe7 26. Rf3 Nh4 27. Rg3 Re8
28. Kf2 Qf7 29. Rc1 Ng6 30. Rc2 Nf8 31. b4 Nd7 32. Nd4 a5 33. a3 axb4 34. axb4
Ra8 35. Rg5 g6 36. Qc3 Qf6 37. Qd3 Ne5 38. Qb3 Nf7 39. Rg3 h6 40. Nb5 c6 41.
Nd4 Rc8 42. Qa4 Rxd4 43. exd4 Qxd4+ 44. Re3 Qxf4+ 45. Ke2 Ne5 46. Qa6 Rg8 47.
Qa1 Kh7 48. g3 Qg5 49. c5 f4 50. gxf4 Qg2+ 51. Kd1 Qf1+ 52. Re1 Qf3+ 53. Ree2
Qf1+ 54. Re1 1/2-1/2

[Event "Druzynowe Mistrzostwa Polski - II Liga Seniorow"]
[Site "Ustron/Slaski Zwiazek Szachowy"]
[Date "2008.09.12"]
[Round "7.13"]
[White "Cichocki, Adam"]
[Black "Maciejczak, Jakub"]
[Result "0-1"]
[WhiteTitle "FM"]
[BlackTitle "m"]
[WhiteElo "2320"]
[BlackElo "2344"]

1. d4 d5 2. c4 e6 3. cxd5 exd5 4. Nc3 Nf6 5. Bg5 Nbd7 6. e3 Be7 7. Bd3 O-O 8.
Nge2 c6 9. O-O Re8 10. Qc2 Nf8 11. Ng3 h6 12. Bxf6 Bxf6 13. Nf5 h5 14. b4 h4
15. h3 g6 16. Nh6+ Kg7 17. Ng4 Bxg4 18. hxg4 Qd6 19. Rab1 Bd8 20. Qd2 Bc7 21.
f4 Qe6 22. Rf3 Qxg4 23. Rbf1 Nh7 24. Qf2 Nf6 25. Rh3 Rh8 26. f5 Bg3 27. Qc2
Rae8 28. Rf3 Rxe3 29. Rxe3 Qxd4 30. Nd1 Re8 31. Qe2 Ng4 32. f6+ Kf8 33. Qb2 Qb6
34. Kh1 Nxe3 35. Qe2 Qd4 0-1

[Event "Druzynowe Mistrzostwa Polski - II Liga Seniorow"]
[Site "Ustron/Slaski Zwiazek Szachowy"]
[Date "2008.09.12"]
[Round "7.14"]
[White "Jaroch, Karol"]
[Black "Dlugosz, Jedrzej"]
[Result "1/2-1/2"]
[WhiteTitle "I++"]
[BlackTitle "m"]
[WhiteElo "2158"]
[BlackElo "2340"]

1. e4 c6 2. d4 d5 3. exd5 cxd5 4. Nf3 Nc6 5. c3 Nf6 6. Bf4 g6 7. Bd3 Bf5 8. Be5
Bg7 9. Bxf5 gxf5 10. O-O e6 11. Re1 O-O 12. Nbd2 Ne4 13. Bxg7 Kxg7 14. Re3 Kh8
15. Ne1 Re8 16. Rh3 Qg5 17. Nxe4 fxe4 18. g3 f5 19. Ng2 Rf8 20. Rh5 Qg6 21. Nf4
Qg4 1/2-1/2

[Event "Druzynowe Mistrzostwa Polski - II Liga Seniorow"]
[Site "Ustron/Slaski Zwiazek Szachowy"]
[Date "2008.09.12"]
[Round "7.15"]
[White "Murawski, Wieslaw"]
[Black "Jaroch, Pawel"]
[Result "1/2-1/2"]
[WhiteTitle "I++"]
[BlackTitle "k"]
[WhiteElo "2097"]
[BlackElo "2255"]

1. e4 e6 2. d4 d5 3. Nd2 dxe4 4. Nxe4 Bd7 5. Nf3 Bc6 6. Bd3 Nd7 7. Qe2 Ngf6 8.
Ng3 Bxf3 9. Qxf3 c6 10. O-O Be7 11. c4 O-O 12. b3 c5 13. Bb2 cxd4 14. Bxd4 Qc7
15. Rad1 Rad8 16. Bb1 Rfe8 17. Bb2 Qb6 18. Ne2 Bf8 19. Nc3 a6 20. Qf4 e5 21.
Qh4 g6 22. Bc1 Bg7 23. Bg5 Rc8 24. Rd3 Nf8 25. Rf3 N8d7 26. Rd1 Rc6 27. Rfd3
Nf8 28. Rf3 N8d7 29. Rh3 Nf8 30. Nd5 Nxd5 31. cxd5 Rd6 32. Be7 Bf6 33. Bxf6
Rxf6 34. Rd2 1/2-1/2

[Event "Druzynowe Mistrzostwa Polski - II Liga Seniorow"]
[Site "Ustron/Slaski Zwiazek Szachowy"]
[Date "2008.09.12"]
[Round "7.16"]
[White "Ziolkowski, Dawid"]
[Black "Bugalski, Michal"]
[Result "0-1"]
[WhiteTitle "k"]
[BlackTitle "k"]
[WhiteElo "2183"]
[BlackElo "2279"]

1. e4 e6 2. d4 d5 3. Nc3 Nf6 4. exd5 exd5 5. Bd3 Nc6 6. Nge2 Nb4 7. Bb5+ c6 8.
Ba4 Be7 9. Bf4 Na6 10. Ng3 h5 11. h4 Bg4 12. f3 Be6 13. Qd2 b5 14. Nxb5 Kf8 15.
Nc3 Rc8 16. Nce2 c5 17. c3 Qb6 18. O-O Ne8 19. Bg5 f6 20. Be3 Nd6 21. b3 Qb7
22. Rae1 Bf7 23. Nf4 g6 24. Kh1 c4 25. b4 Nc7 26. Nfxh5 Ne6 27. Nf4 Rxh4+ 28.
Kg1 Ng5 29. Qf2 Kg7 30. Bc1 Rch8 31. Qe2 Bd8 32. Kf2 Nf5 33. Nxf5+ gxf5 34. Qc2
Qc8 {Dalej Zapisy nieczytelne} 0-1

[Event "Druzynowe Mistrzostwa Polski - II Liga Seniorow"]
[Site "Ustron/Slaski Zwiazek Szachowy"]
[Date "2008.09.12"]
[Round "7.17"]
[White "Kempinski, Tomasz"]
[Black "Jozwicki, Jakub"]
[Result "0-1"]
[WhiteTitle "k+"]
[BlackTitle "k"]
[WhiteElo "2260"]
[BlackElo "2220"]

1. e4 c5 2. Nf3 Nc6 3. d4 cxd4 4. Nxd4 Nf6 5. Nc3 e5 6. Ndb5 d6 7. Bg5 a6 8.
Na3 b5 9. Nd5 Be7 10. Bxf6 Bxf6 11. c3 O-O 12. h4 Be7 13. Nc2 f5 14. exf5 Bxf5
15. Nce3 Be6 16. Bd3 Kh8 17. Qh5 Bg8 18. g3 Ra7 19. O-O Bf6 20. a4 bxa4 21.
Rxa4 a5 22. Be4 Ne7 23. Nxe7 Rxe7 24. Rfa1 Qb8 25. Rxa5 Qxb2 26. Ra8 Ree8 27.
Rxe8 Qxa1+ 28. Kg2 Rxe8 29. Qxe8 Qa5 30. Nd5 Bd8 31. c4 Qe1 32. Bxh7 1-0

[Event "Druzynowe Mistrzostwa Polski - II Liga Seniorow"]
[Site "Ustron/Slaski Zwiazek Szachowy"]
[Date "2008.09.12"]
[Round "7.18"]
[White "Bursa, Renata"]
[Black "Bukowska, Katarzyna"]
[Result "1-0"]
[WhiteTitle "WFM"]
[BlackTitle "k+"]
[WhiteElo "2065"]
[BlackElo "2040"]

1. d4 d5 2. Nf3 e6 3. c4 Nf6 4. Nc3 Be7 5. Bg5 O-O 6. e3 Nbd7 7. Rc1 a6 8. b3
c6 9. Bd3 Re8 10. Qc2 h6 11. Bh4 Qa5 12. O-O Bd6 13. c5 Bf8 14. Na4 Qd8 15.
Rfe1 a5 16. Qc3 g5 17. Bg3 Ne4 18. Bxe4 dxe4 19. Nd2 f5 20. Nc4 Nf6 21. a3 Nd5
22. Qd2 Bg7 23. Nab6 Nxb6 24. Nxb6 Ra6 25. Red1 Rf8 26. Bd6 Re8 27. Rc4 Rxb6
28. cxb6 Qxd6 29. Qxa5 e5 30. Qc5 Rd8 31. Qxd6 Rxd6 32. Ra4 Be6 33. Ra8+ Kh7
34. Ra7 Rd7 35. b4 exd4 36. exd4 Kg6 37. a4 f4 38. d5 cxd5 39. a5 d4 40. a6 Bd5
41. Rc1 Be5 42. Rc5 d3 43. Rc1 d2 44. Rd1 e3 45. fxe3 fxe3 0-1

[Event "Druzynowe Mistrzostwa Polski - II Liga Seniorow"]
[Site "Ustron/Slaski Zwiazek Szachowy"]
[Date "2008.09.12"]
[Round "7.19"]
[White "Nurkiewicz, Maciej"]
[Black "Warszawski, Bartosz"]
[Result "0-1"]
[WhiteTitle "m"]
[BlackTitle "m"]
[WhiteElo "2384"]
[BlackElo "2277"]

1. e4 c5 2. Nf3 e6 3. d4 cxd4 4. Nxd4 Nc6 5. Nc3 Qc7 6. Be3 a6 7. Qd2 Nf6 8. f3
b5 9. O-O-O Bb7 10. g4 d6 11. Nxc6 Bxc6 12. Ne2 Be7 13. h4 d5 14. g5 Nh5 15.
Nf4 Nxf4 16. Bxf4 Bd6 17. Bxd6 Qxd6 18. Qc3 O-O 19. e5 b4 20. Qd4 Qe7 21. f4
Bb5 22. Bd3 Rfc8 23. Kb1 Qc5 24. Qxc5 Rxc5 25. Bxb5 Rxb5 26. Rd4 a5 27. Rh3
Rab8 28. h5 Kf8 29. h6 g6 30. Rhd3 Ke7 31. b3 Rc5 32. Rd2 Kd7 33. Kb2 Kc6 34.
a3 Kb5 35. Rf2 Rbc8 36. axb4 axb4 37. Rd1 Ra8 38. Rd4 Rac8 39. Rd1 Ra8 40. Rf3
Rc7 41. Rd4 Rca7 42. c3 Ra2+ 43. Kc1 Ra1+ 44. Kd2 R8a2+ 45. Ke3 Re1+ 46. Kd3
bxc3 47. Kxc3 Rc1+ 48. Kd3 Rb2 49. b4 Ra2 50. Re3 Rh1 0-1

[Event "Druzynowe Mistrzostwa Polski - II Liga Seniorow"]
[Site "Ustron/Slaski Zwiazek Szachowy"]
[Date "2008.09.12"]
[Round "7.20"]
[White "Kaim, Piotr"]
[Black "Protaziuk, Grzegorz"]
[Result "0-1"]
[WhiteTitle "k+"]
[BlackTitle "m"]
[WhiteElo "2227"]
[BlackElo "2328"]

1. e4 c5 2. Nf3 e6 3. Nc3 a6 4. d4 cxd4 5. Nxd4 Qc7 6. Bd3 Nf6 7. O-O d6 8. f4
Nbd7 9. Nf3 Nc5 10. e5 Nfd7 11. Be2 b5 12. f5 Nxe5 13. Nxe5 dxe5 14. Bf3 Rb8
15. fxe6 Bxe6 16. Nd5 Qd6 17. b4 e4 18. Bf4 Qxd5 19. Bxb8 exf3 20. Qxd5 Bxd5
21. Rad1 Bb7 22. Bd6 fxg2 23. Rfe1+ Ne6 24. Bxf8 Rxf8 25. a4 Ke7 26. axb5 axb5
27. Re5 Bc6 28. Ra1 Kf6 29. Re3 Rd8 30. Raa3 0-1

[Event "Druzynowe Mistrzostwa Polski - II Liga Seniorow"]
[Site "Ustron/Slaski Zwiazek Szachowy"]
[Date "2008.09.12"]
[Round "7.22"]
[White "Chalupnik, Marcin"]
[Black "Delega, Tomasz"]
[Result "1/2-1/2"]
[WhiteTitle "k+"]
[BlackTitle "k"]
[WhiteElo "2244"]
[BlackElo "2075"]

1. c4 e6 2. Nf3 d5 3. cxd5 exd5 4. d4 Nf6 5. Nc3 Be7 6. Bg5 O-O 7. e3 c6 8. Bd3
Nbd7 9. Qc2 Re8 10. O-O-O Nf8 11. Kb1 Ne4 12. Bxe4 Bxg5 13. Bd3 Be7 14. h3 b5
15. g4 b4 16. Na4 Bd7 17. g5 Rc8 18. Nc5 Bxc5 19. dxc5 Qa5 20. Nd4 Kh8 21. Rdg1
Ne6 22. Nb3 Qc7 23. h4 a5 24. h5 a4 25. Nd2 Qa5 26. g6 Qxc5 27. Qd1 fxg6 28.
hxg6 h6 29. Nf3 Kg8 30. Ne5 Qe7 31. Nf7 Nc5 32. Bc2 b3 33. axb3 axb3 34. Bxb3
Nxb3 35. Qxb3 Bf5+ 36. Kc1 Qc5+ 37. Kd2 Rb8 38. Qc3 Qxc3+ 39. Kxc3 Rb6 40. Rxh6
gxh6 41. Nxh6+ Kg7 42. Nxf5+ Kf6 43. Nd4 Rbb8 44. b4 Rbc8 45. Kd3 1/2-1/2

[Event "Druzynowe Mistrzostwa Polski - II Liga Seniorow"]
[Site "Ustron/Slaski Zwiazek Szachowy"]
[Date "2008.09.12"]
[Round "7.23"]
[White "Siekierski, Pawel"]
[Black "Rams, Michal"]
[Result "0-1"]
[WhiteTitle "I+"]
[BlackTitle "k"]
[WhiteElo "2083"]
[BlackElo "2244"]

1. d4 g6 2. c4 Bg7 3. Nc3 d6 4. e4 e5 5. Nf3 Nc6 6. Bg5 f6 7. Be3 Nh6 8. dxe5
dxe5 9. Qxd8+ Nxd8 10. h3 c6 11. O-O-O Nhf7 12. Be2 Bh6 13. Bxh6 Nxh6 14. Rd6
Ne6 15. g3 Nf7 16. Rd2 Ke7 17. h4 h5 18. Rhd1 Rd8 19. Bf1 Rxd2 20. Rxd2 Nh6 21.
Bh3 Nc5 22. Bg2 Be6 23. b3 a5 24. Ne1 Ng4 25. Nd1 a4 26. Kb2 axb3 27. axb3 b5
28. f3 Nh6 29. Bf1 Rb8 30. Kc2 bxc4 31. bxc4 Nb3 32. Rf2 Nd4+ 33. Kc1 Rb3 34.
Nb2 f5 35. Ned3 Kf6 36. f4 fxe4 37. fxe5+ Ke7 38. Rf4 Bf5 39. Nc5 Rc3+ 40. Kd2
Rc2+ 41. Ke3 Ne6 42. Nxe6 Kxe6 43. Na4 Kxe5 44. Be2 Ra2 45. Nc5 Ra3+ 46. Kd2
Kd4 47. Nb7 Ra2+ 48. Kd1 Ke3 49. Bf1 Ng4 50. Nd8 Rd2+ 0-1

[Event "Druzynowe Mistrzostwa Polski - II Liga Seniorow"]
[Site "Ustron/Slaski Zwiazek Szachowy"]
[Date "2008.09.12"]
[Round "7.24"]
[White "Zajkowska, Olga"]
[Black "Rzepecka, Dorota"]
[Result "1-0"]
[WhiteTitle "I++"]
[BlackTitle "I++"]
[WhiteElo "1887"]
[BlackElo "1924"]

1. d4 Nf6 2. c4 e6 3. Nc3 Bb4 4. Qc2 O-O 5. Bg5 d5 6. e3 b6 7. cxd5 exd5 8. Nf3
h6 9. Bh4 Bb7 10. Be2 Nbd7 11. O-O Qe8 12. Nb5 Qd8 13. Qxc7 Qxc7 14. Nxc7 Rac8
15. Rac1 Bd6 16. Nb5 Bb8 17. Bg3 Bxg3 18. hxg3 g5 19. Nd6 Rxc1 20. Rxc1 Ba8 21.
Bb5 Rd8 22. Rc7 Kf8 23. Ne5 Nxe5 24. dxe5 Ne4 25. Nxf7 Rb8 26. e6 Nf6 27. e7+
Kg7 28. Nd6 1-0

[Event "Druzynowe Mistrzostwa Polski - II Liga Seniorow"]
[Site "Ustron/Slaski Zwiazek Szachowy"]
[Date "2008.09.12"]
[Round "7.25"]
[White "Slabek, Grzegorz"]
[Black "Latas, Boguslaw"]
[Result "1/2-1/2"]
[WhiteTitle "k"]
[BlackTitle "k"]
[WhiteElo "2160"]
[BlackElo "2299"]

1. d4 Nf6 2. Nf3 e6 3. e3 b6 4. Be2 Bb7 5. O-O Be7 6. b3 O-O 7. Bb2 Ne4 8. c4
d6 9. Nc3 Nd7 10. Nxe4 Bxe4 11. Nd2 Bb7 12. Bf3 d5 13. e4 Bb4 14. exd5 exd5 15.
a3 Bd6 16. b4 c6 17. g3 Nf6 18. Re1 Qd7 19. c5 Be7 20. Nf1 Rfe8 21. Ne3 Bf8 22.
Qc2 g6 1/2-1/2

[Event "Druzynowe Mistrzostwa Polski - II Liga Seniorow"]
[Site "Ustron/Slaski Zwiazek Szachowy"]
[Date "2008.09.12"]
[Round "7.26"]
[White "Kuziola, Mateusz"]
[Black "Gbyl, Andrzej"]
[Result "1/2-1/2"]
[WhiteTitle "k++"]
[BlackTitle "k"]
[WhiteElo "2309"]
[BlackElo "2236"]

1. e4 e6 2. b3 d5 3. Bb2 Nf6 4. exd5 exd5 5. Nf3 Be7 6. Be2 O-O 7. O-O Bg4 8.
d4 Nbd7 9. Nbd2 c6 10. Re1 Re8 1/2-1/2

[Event "Druzynowe Mistrzostwa Polski - II Liga Seniorow"]
[Site "Ustron/Slaski Zwiazek Szachowy"]
[Date "2008.09.12"]
[Round "7.27"]
[White "Zaskalski, Arkadiusz"]
[Black "Kolago, Marcin"]
[Result "0-1"]
[WhiteTitle "k"]
[BlackTitle "m"]
[WhiteElo "2217"]
[BlackElo "2340"]

1. Nf3 g6 2. g3 Bg7 3. d4 d6 4. c4 Nf6 5. Nc3 O-O 6. Bg2 c5 7. O-O Nc6 8. dxc5
dxc5 9. Be3 Qa5 10. Qa4 Qxa4 11. Nxa4 b6 12. Rad1 Bf5 13. Nc3 Rac8 14. Nd5 Rfe8
15. b3 Nxd5 16. cxd5 Nb4 17. a3 Nc2 18. Bc1 Nd4 19. Nxd4 cxd4 20. Rd2 Rc3 21.
b4 Rec8 22. Bb2 Rc2 23. Rfd1 d3 24. e3 Bg4 25. f3 Bc3 26. fxg4 0-1

[Event "Druzynowe Mistrzostwa Polski - II Liga Seniorow"]
[Site "Ustron/Slaski Zwiazek Szachowy"]
[Date "2008.09.12"]
[Round "7.28"]
[White "Seifert, Henryk"]
[Black "Szromba, Krzysztof"]
[Result "1-0"]
[WhiteTitle "FM"]
[BlackTitle "k"]
[WhiteElo "2235"]
[BlackElo "2186"]

1. e4 c5 2. Nf3 Nc6 3. Bb5 g6 4. O-O Bg7 5. c3 e5 6. d4 cxd4 7. cxd4 Nxd4 8.
Nxd4 exd4 9. e5 Ne7 10. Bg5 O-O 11. Re1 h6 12. Bh4 g5 13. Bg3 d6 14. Bd3 dxe5
15. Bxe5 Bxe5 16. Rxe5 Nc6 17. Rb5 a6 18. Rc5 Qe7 19. Rc1 Nb4 20. Na3 Nxd3 21.
Qxd3 Qf6 22. Rc5 Bg4 23. Qe4 Bh5 24. Nc4 Rac8 25. Rxc8 Rxc8 26. Ne5 Rd8 27. g4
Bg6 28. Nxg6 fxg6 29. Rd1 b5 30. h3 Qd6 31. Rc1 Qf8 32. Qxg6+ Qg7 33. Qd3 Qh7
34. Qxh7+ Kxh7 35. Kf1 Re8 36. Rc7+ Kg8 37. Rd7 Re4 38. Rd6 Kg7 39. Rxa6 d3 40.
Rd6 Re2 41. b3 Rxa2 42. Rxd3 Rb2 43. Kg2 Kf6 44. Re3 Kf7 45. Kg3 Kf6 46. f3 Kf7
47. h4 Kf6 48. h5 Rb1 49. Rc3 b4 50. Re3 Rg1+ 51. Kf2 Rb1 52. Ke2 Rb2+ 53. Kd1
Kf7 54. Kc1 Rf2 55. Re4 Rxf3 56. Rxb4 Kf6 57. Kd2 Ke5 58. Ke2 Rg3 1-0

[Event "Druzynowe Mistrzostwa Polski - II Liga Seniorow"]
[Site "Ustron/Slaski Zwiazek Szachowy"]
[Date "2008.09.12"]
[Round "7.29"]
[White "Wolak, Jacek"]
[Black "Milanowski, Jan"]
[Result "1/2-1/2"]
[WhiteTitle "I"]
[BlackTitle "I++"]
[WhiteElo "2093"]
[BlackElo "2080"]

1. d4 f5 2. c4 Nf6 3. Nc3 g6 4. Nf3 d6 5. d5 e5 6. dxe6 Bxe6 7. Nd4 Bf7 8. b3
Bg7 9. Bb2 O-O 10. g3 Re8 11. Bg2 c6 1/2-1/2

[Event "Druzynowe Mistrzostwa Polski - II Liga Seniorow"]
[Site "Ustron/Slaski Zwiazek Szachowy"]
[Date "2008.09.12"]
[Round "7.30"]
[White "Wesolowska, Hanna"]
[Black "Kaminska, Paulina"]
[Result "1-0"]
[WhiteTitle "WFM"]
[BlackTitle "k"]
[WhiteElo "2054"]
[BlackElo "1919"]

1. d4 d5 2. Nf3 Nf6 3. c4 e6 4. Bg5 Be7 5. e3 O-O 6. Nc3 Nbd7 7. cxd5 Nxd5 8.
Bxe7 Qxe7 9. Nxd5 exd5 10. Bd3 Nf6 11. Qc2 Ne4 12. O-O f5 13. Ne5 Be6 14. Rfc1
c6 15. f3 Ng5 16. Qc5 Qf6 17. f4 Ne4 18. Qb4 Rab8 19. Rc2 g5 20. Rf1 Kh8 21.
Bxe4 dxe4 22. a4 Rg8 23. a5 a6 24. Qb6 Qg7 25. Qc5 Rbd8 26. Qc3 Rd5 27. b4 Rb5
28. fxg5 Qxg5 29. Rf4 Rd5 30. Rcf2 Qh5 31. Nc4 Rg7 32. Nd2 Rd8 33. Nf1 Rd5 34.
Ng3 Qg6 35. Rb2 Qg5 36. Rff2 Qe7 37. Nh5 Rf7 38. Nf4 1-0

[Event "Druzynowe Mistrzostwa Polski - II Liga S"]
[Site "Ustron/Slaski Zwiazek Szachowy"]
[Date "2008.09.12"]
[Round "7.31"]
[White "Murdzia, Piotr"]
[Black "Moskwinski, Tadeusz"]
[Result "1-0"]
[WhiteElo "2481"]
[BlackElo "2161"]
[PlyCount "129"]
[EventDate "2008.??.??"]

1. c4 f5 2. Nc3 Nf6 3. g3 g6 4. Bg2 Bg7 5. d3 e5 6. Nh3 d6 7. f4 c6 8. Nf2 Qc7
9. O-O O-O 10. Bd2 a5 11. a3 Be6 12. Rc1 Nbd7 13. Kh1 Qb6 14. b4 axb4 15. axb4
Ra3 16. b5 Rfa8 17. bxc6 bxc6 18. Rb1 Qc7 19. fxe5 Nxe5 20. Qc1 Nfd7 21. Nfd1
R3a6 22. Ne3 Qa7 23. h3 Bf6 24. Nc2 Qc7 25. Nb4 Ra3 26. d4 Nxc4 27. Bxc6 Ndb6
28. Nb5 Qf7 29. Nxa3 Rxa3 30. Rf3 Rxf3 31. Bxf3 Bxd4 32. Nc6 Bf6 33. Bc3 Qg7
34. Bxf6 Qxf6 35. Qg1 Nd7 36. Ra1 Nce5 37. Qd4 Nxf3 38. exf3 Qxd4 39. Nxd4 Kf7
40. Nb5 Ke7 41. Re1 Nc5 42. Rd1 d5 43. Kg2 g5 44. Kf2 Kf6 45. Ke3 Bf7 46. Nc3
Ke5 47. f4+ gxf4+ 48. gxf4+ Kd6 49. Nb5+ Ke6 50. Rc1 Ne4 51. Nd4+ Kf6 52. Rc6+
Ke7 53. Nxf5+ Kd7 54. Nd4 Nd6 55. Ra6 Bg6 56. Ra7+ Ke8 57. Kd2 Ne4+ 58. Kc2
Nd6+ 59. Kb3 Be4 60. Kb4 Bg6 61. Kc5 Nc8 62. Rc7 Kd8 63. Ne6+ Ke8 64. Rxc8+ Kd7
65. Rc6 1-0

[Event "Druzynowe Mistrzostwa Polski - II Liga S"]
[Site "Ustron/Slaski Zwiazek Szachowy"]
[Date "2008.09.12"]
[Round "7.32"]
[White "Pazderski, Ziemowit"]
[Black "Rawski, Slawomir"]
[Result "1/2-1/2"]
[WhiteElo "2197"]
[BlackElo "2210"]
[PlyCount "171"]
[EventDate "2008.??.??"]

1. d4 f5 2. Nf3 Nf6 3. Bf4 g6 4. e3 Bg7 5. Bc4 d5 6. Bd3 O-O 7. Nbd2 Nbd7 8. c4
Nh5 9. Be5 Nxe5 10. dxe5 c6 11. cxd5 cxd5 12. Qb3 e6 13. h3 Bh8 14. g4 Ng7 15.
O-O-O Qb6 16. Qxb6 axb6 17. Kb1 Bd7 18. g5 Nh5 19. Nb3 Kf7 20. Rc1 Rfc8 21.
Nbd4 Rxc1+ 22. Rxc1 Rc8 23. Rxc8 Bxc8 24. Nb5 Bd7 25. Nd6+ Ke7 26. Nxb7 d4 27.
Nd6 dxe3 28. fxe3 f4 29. Nc4 b5 30. Nb6 Bc6 31. Nd4 Bb7 32. exf4 Nxf4 33. Bxb5
Bxe5 34. Nc6+ Bxc6 35. Bxc6 Nxh3 36. Nc4 Bd4 37. b4 Nxg5 38. b5 Nf7 39. Kc2 Nd6
40. Kd3 e5 41. Nd2 h5 42. Nf3 Nf5 43. a4 Kd6 44. a5 h4 45. Be8 Ne7 46. Nxh4 Kd5
47. b6 e4+ 48. Kc2 g5 49. Ng2 Nc6 50. b7 Nb8 51. Kb3 Ba7 52. Kb4 Kd4 53. Bb5
Bc5+ 54. Kb3 e3 55. Be2 Bd6 56. Ne1 Bc7 57. Ka4 Kc3 58. a6 Bb6 59. Kb5 Ba7 60.
Bg4 e2 61. Bxe2 Kd2 62. Nf3+ Kxe2 63. Nxg5 Ke3 64. Nf7 Kd4 65. Nd6 Nxa6 66.
Kxa6 Bb8 67. Nb5+ Kc5 68. Na7 Bg3 69. Nc8 Bb8 70. Nb6 Kc6 71. Nc4 Kc5 72. Nd2
Kc6 73. Ne4 Kd5 74. Nf6+ Kc6 75. Ne4 Kd5 76. Nd2 Kc6 77. Nb3 Bh2 78. Na5+ Kc5
79. Ka7 Kb5 80. Nb3 Kc4 81. Nd2+ Kb5 82. Nf3 Bg3 83. Ng5 Bh2 84. Ne6 Ka5 85.
Nd4 Bg3 86. Ne2 1/2-1/2

[Event "Druzynowe Mistrzostwa Polski - II Liga Seniorow"]
[Site "Ustron/Slaski Zwiazek Szachowy"]
[Date "2008.09.12"]
[Round "7.33"]
[White "Walkusz, Witoslaw"]
[Black "Krasiewicz, Robert"]
[Result "1/2-1/2"]
[WhiteTitle "k+"]
[BlackTitle "I++"]
[WhiteElo "2151"]
[BlackElo "2136"]

1. e4 e6 2. d3 d5 3. Nd2 Nf6 4. Ngf3 Bc5 5. e5 Nfd7 6. d4 Bb6 7. c3 c5 8. dxc5
Nxc5 9. Nb3 Nc6 10. Nxc5 Bxc5 11. Bd3 f6 12. exf6 Qxf6 13. O-O O-O 14. Ng5 g6
15. Nxh7 Kxh7 16. Qh5+ Kg7 17. Qh6+ Kf7 18. Qh7+ Ke8 19. Bxg6+ Kd8 20. Bh6 Rh8
21. Bg7 Rxh7 22. Bxf6+ Be7 23. Bxh7 Bxf6 24. f4 Bd7 25. g4 Ke7 26. g5 Bg7 27.
Rad1 Rh8 28. Bg6 Kd6 1/2-1/2

[Event "Druzynowe Mistrzostwa Polski - II Liga Seniorow"]
[Site "Ustron/Slaski Zwiazek Szachowy"]
[Date "2008.09.12"]
[Round "7.34"]
[White "Maciaga, Marcin"]
[Black "Zdrojewski, Wojciech"]
[Result "1-0"]
[WhiteTitle "k+"]
[BlackTitle "I"]
[WhiteElo "2180"]
[BlackElo "2190"]

1. e4 Nf6 2. Nc3 d5 3. exd5 Nxd5 4. Bc4 Nxc3 5. bxc3 e6 6. Nf3 Be7 7. d4 O-O 8.
Qe2 c5 9. Bd3 Nd7 10. h4 Nf6 11. Bg5 cxd4 12. cxd4 Qa5+ 13. Kf1 Rd8 14. Ne5 h6
15. Rd1 Bd7 16. Rh3 Bc6 17. c4 Kf8 18. Qe3 Ng8 19. Bxe7+ Nxe7 20. d5 exd5 21.
Rf3 Be8 22. Nxf7 Bxf7 23. Qe6 Nf5 24. Qxf5 Qc7 25. cxd5 Rd6 26. Qh7 1-0